Second language teachers education (Record no. 1389080)

MARC details
000 -LEADER
fixed length control field 00741nam a2200241Ia 4500
005 - DATE AND TIME OF LATEST TRANSACTION
control field 20250508164427.0
008 - FIXED-LENGTH DATA ELEMENTS--GENERAL INFORMATION
fixed length control field 008 250505s9999 xx 000 0 eng d
020 ## - INTERNATIONAL STANDARD BOOK NUMBER
International Standard Book Number 0-521-38779-5
037 ## - SOURCE OF ACQUISITION
Stock number TextBook
040 ## - CATALOGING SOURCE
Original cataloging agency FEDL
Language of cataloging eng
Transcribing agency FEDL
041 ## - LANGUAGE CODE
Language code of text/sound track or separate title eng
Source of code eng
084 ## - COLON CLASSIFICATION NUMBER
Classification number 418, RIC/R
Assigning agency FEDL
100 ## - MAIN ENTRY--PERSONAL NAME
Personal name Richards Jack C Ed.
9 (RLIN) 140146
245 #0 - TITLE STATEMENT
Title Second language teachers education
260 ## - PUBLICATION, DISTRIBUTION, ETC.
Place of publication, distribution, etc. Cambridge
Name of publisher, distributor, etc. Cambridge University Press
Date of publication, distribution, etc. 1997
300 ## - PHYSICAL DESCRIPTION
Extent xii,340p
365 ## - TRADE PRICE
Price type code INR
Price amount 18
490 ## - SERIES STATEMENT
Series statement Cambrige Language Teaching Library
650 ## - SUBJECT ADDED ENTRY--TOPICAL TERM
Topical term or geographic name entry element Applied linguistics; Teacher education - Second language
9 (RLIN) 778109
700 ## - ADDED ENTRY--PERSONAL NAME
Personal name Nunan David Ed.
9 (RLIN) 778110
942 ## - ADDED ENTRY ELEMENTS (KOHA)
Koha item type Textbook
Classification part 418, RIC/R
Holdings
Withdrawn status Lost status Damaged status Not for loan Home library Current library Date acquired Cost, normal purchase price Total Checkouts Full call number Barcode Date last seen Price effective from Koha item type
        Department of Education Library Department of Education Library 2025-05-08 18.00   418, RIC/R EL0082705 2025-05-08 2025-05-08 Textbook
Copyright @ Delhi University Library System